LEADER 01364nam a2200325 i 4500 001 991001082659707536 005 20020507182938.0 008 960820s1968 us ||| | eng 035 $ab1079850x-39ule_inst 035 $aLE01306759$9ExL 040 $aDip.to Matematica$beng 082 0 $a519.1 084 $aAMS 60F 100 1 $aGnedenko, Boris Vladimirovic$047229 245 10$aLimit distributions for sums of independent random variables /$cby B. V. Gnedenko and A. N. Kolmogorov ; translated from the Russian, annotated, and rev. by K. L. Chung ; with appendices by J. L. Doob and P. L. Hsu 250 $aRev 260 $aReading, Mass. :$bAddison-Wesley,$c1968 300 $aix, 293 p. ;$c24 cm. 490 0 $aAddison-Wesley series in statistics 500 $aBibliography: p. 285-289. 500 $aTranslation of Predelnye raspredeleniia dlia summnezavisimykh sluchainykh velichin 650 4$aDistributions 650 4$aLimit theorems 700 1 $aKolmogorov, Andrej Nikolaevic 907 $a.b1079850x$b23-02-17$c28-06-02 912 $a991001082659707536 945 $aLE013 60F GNE11 (1968)$g1$i2013000057279$lle013$o-$pE0.00$q-$rl$s- $t0$u1$v0$w1$x0$y.i1090217x$z28-06-02 996 $aLimit distributions for sums of independent random variables$9921653 997 $aUNISALENTO 998 $ale013$b01-01-96$cm$da $e-$feng$gus $h0$i1 LEADER 01097nam a22002771i 4500 001 991001155459707536 005 20030131113238.0 008 040407s1980 it |||||||||||||||||ita 035 $ab12726710-39ule_inst 035 $aARCHE-070635$9ExL 040 $aDip.to Scienze Storiche$bita$cA.t.i. Arché s.c.r.l. Pandora Sicilia s.r.l. 082 04$a708 100 1 $aBinni, Lanfranco$035194 245 10$aMuseo :$bstoria e funzioni di una macchina culturale dal '500 a oggi /$cL. Binni e G. Pinna 260 $aMilano :$bGarzanti,$c1980 300 $a274 p. ;$c18 cm 440 2$aI Garzanti.$pArgomenti 650 4$aMusei$xStoria$ySec. 16.-20. 700 1 $aPinna, Giovanni 907 $a.b12726710$b02-04-14$c16-04-04 912 $a991001155459707536 945 $aLE008 Cr M III 32$g1$i2008000234737$lle008$o-$pE0.00$q-$rl$s- $t0$u5$v2$w5$x0$y.i12210390$z01-04-03 945 $aLE009 LA IV D 50$g1$i2009000241794$lle009$o-$pE0.00$q-$rn$so $t0$u2$v0$w2$x0$y.i13259143$z16-04-04 996 $aMuseo$9267929 997 $aUNISALENTO 998 $ale008$ale009$b16-04-04$cm$da $e-$fita$git $h0$i2